Exportaciones regionales de Chile período 1990 1996
Wedi'i Gadw mewn:
| Awdur Corfforaethol: | |
|---|---|
| Fformat: | Llyfr |
| Iaith: | Sbaeneg |
| Cyhoeddwyd: |
Santiago
MIDEPLAN
1997
|
| Cyfres: | Documentos Regionales, 40
|
| Pynciau: | |
| Tagiau: |
Ychwanegu Tag
Dim Tagiau, Byddwch y cyntaf i dagio'r cofnod hwn!
|
MARC
| LEADER | 00000nam a2200000 a 4500 | ||
|---|---|---|---|
| 001 | UCR7152 | ||
| 003 | CL-VaPUC | ||
| 008 | 980514e19970000CL |||||||||||||||||spa|d | ||
| 082 | 0 | 4 | |a 330.9 |b MID |2 21 |
| 110 | 2 | |a MIDEPLAN |e author |9 408471 | |
| 245 | 1 | 0 | |a Exportaciones regionales de Chile período 1990 1996 |
| 300 | |a 22 h | ||
| 942 | |c BK | ||
| 945 | |d 19980514 00:00:00 |a rbrito | ||
| 260 | |a Santiago |b MIDEPLAN |c 1997 | ||
| 650 | 0 | |a Planificación regional |9 257050 | |
| 650 | 7 | |a EXPORTACIONES |2 CL-VaPUC |9 255382 | |
| 650 | 0 | |a Economía regional |9 320847 | |
| 650 | 7 | |a INDUSTRIA |2 CL-VaPUC |9 315110 | |
| 650 | 0 | |a Minería |9 326008 | |
| 583 | |a last modification |c 19980514 00:00:00 |k Rodrigo Vera | ||
| 490 | 0 | |a Documentos Regionales, 40 | |
| 999 | |c 268965 |d 268963 | ||